Southville International School and Colleges
Your cart is empty.
  • Cart
  • Lists
    Public lists Eva Luna New books Lux_list list_1
    Your lists Log in to create your own lists
  • Log in to your account
  • Your cookies
  • Search history
Southville International School and Colleges
  • Advanced search
  • Recent comments
  • Most popular
  • Libraries

Log in to your account

Log in with GOOGLE


If you do not have an external account, but do have a local account, you can still log in:

  1. Home
  2. MARC view: Myths of the ancient greeks /
Normal view MARC view ISBD view

Myths of the ancient greeks / (Record no. 25954)

[ view plain ]
MARC details
000 -LEADER
fixed length control field 00481nam a22001817a 4500
003 - CONTROL NUMBER IDENTIFIER
control field PILC
005 - DATE AND TIME OF LATEST TRANSACTION
control field 20151014120509.0
008 - FIXED-LENGTH DATA ELEMENTS--GENERAL INFORMATION
fixed length control field 140108b xxu||||| |||| 00| 0 eng d
020 ## - INTERNATIONAL STANDARD BOOK NUMBER
International Standard Book Number 0451206851
050 ## - LIBRARY OF CONGRESS CALL NUMBER
Classification number BL 783
Item number .M98 2003
100 ## - MAIN ENTRY--PERSONAL NAME
Personal name Martin, Richard
245 ## - TITLE STATEMENT
Title Myths of the ancient greeks /
Statement of responsibility, etc Richard Martin.
260 ## - PUBLICATION, DISTRIBUTION, ETC. (IMPRINT)
Place of publication, distribution, etc Oxford :
Name of publisher, distributor, etc Butterworth-Heinemann,
Date of publication, distribution, etc c2003.
300 ## - PHYSICAL DESCRIPTION
Extent 313 p. ;
Dimensions 25 cm.
650 ## - SUBJECT ADDED ENTRY--TOPICAL TERM
Topical term or geographic name as entry element Mythology
General subdivision Greek.
942 ## - ADDED ENTRY ELEMENTS (KOHA)
Source of classification or shelving scheme Library of Congress Classification
Koha item type Books
Holdings
Withdrawn status Lost status Source of classification or shelving scheme Damaged status Home library Current library Shelving location Date acquired Total Checkouts Full call number Barcode Date last seen Copy number Price effective from Koha item type
    Library of Congress Classification   Luxembourg Library Luxembourg Library International Baccalaureate Section 01/08/2014   BL 783 .M98 2003 13729 05/25/2015 1 01/08/2014 Books

Myths of the ancient greeks /

APA

Martin R., . (2003). Myths of the ancient greeks. Oxford: Butterworth-Heinemann.

Chicago

Martin Richard, . 2003. Myths of the ancient greeks. Oxford: Butterworth-Heinemann.

Harvard

Martin R., . (2003). Myths of the ancient greeks. Oxford: Butterworth-Heinemann.

MLA

Martin Richard, . Myths of the ancient greeks. Oxford: Butterworth-Heinemann. 2003.

  • Place hold
  • Print
  • Cite
  • Add to your cart (remove)
  • Save record
    BIBTEX Dublin Core MARCXML MARC (non-Unicode/MARC-8) MARC (Unicode/UTF-8) MARC (Unicode/UTF-8, Standard) MODS (XML) RIS
  • More searches
    Search for this title in:
    Other Libraries (WorldCat) Other Databases (Google Scholar) Online Stores (Bookfinder.com) Open Library (openlibrary.org)

Exporting to Dublin Core...

SOUTHVILLE LIBRARY

Southville International School and Colleges Library

1281 Tropical Ave. Cor. Luxembourg St., BF Homes International, Las Pinas City

Tel. No. 8256374 / 252358 Loc. 117/146

Powered by Koha